| 000 | 00558nam a2200169 4500 | ||
|---|---|---|---|
| 008 | 160706b xxu||||| |||| 00| 0 eng d | ||
| 020 | _a0132337223 | ||
| 050 | _aQA 152.3.A57 2008 | ||
| 100 |
_aAngel, Allen R. _d2008 |
||
| 245 |
_aElementary and intermediate algebra for college students:/ _cAllen R. Angel |
||
| 250 | _a3rd ed. | ||
| 260 |
_aNew Jersey; _bPearson; _c2008. |
||
| 300 |
_axviii,966(69) p. : ill. _bIncludes index. |
||
| 650 | _aAlgebra-Textbooks. | ||
| 700 | _aAllen R. Angel | ||
| 942 |
_2lcc _cBOOKS _hQA 152.3.A57 2008 |
||
| 999 |
_c11354 _d11354 |
||